000 00261nam a2200097Ia 4500
001 641667
005 20250826153512.0
008 250824s9999 xx 000 0 und d
245 0 _aMONTE KRİSTO GENÇLİK KLASİKLERİ
_cALEXANDRE DUMAS
260 _bTİMAŞ ÇOCUK
999 _c641667
_d641667